000 00632nam a22002057a 4500
003 OSt
005 20140310182839.0
008 130608t xxu||||| |||| 00| 0 eng d
020 _a0718138864
050 _aPN 1997
_b.T164 1995
082 _aM 940.5342
_bW48 1995
245 _aWent the day well
_bTributes to men and women who died for freedom when Britain stood alone in the first two years of the second world war
_cTangye, Derek
260 _aLondon
_bPenguin group
_cc1995
300 _ax, 243 p.
_c23 cm.
521 _aCollege students
526 _c1210L-1700L
541 _j1
562 _e1
942 _2lcc
_cBK
_kM
999 _c16827
_d16827